[Event "Scottish International Open"]
[Site "Edinburgh, Scotland"]
[Date "2015.07.17"]
[Round "7"]
[White "Walker, Duncan"]
[Black "MacRae, James S"]
[Result "1-0"]
[WhiteElo "1954"]
[BlackElo "1689"]
[PlyCount "123"]
[EventDate "2015.??.??"]

1. d4 b6 2. e4 e6 3. Nf3 Bb7 4. Bd3 c5 5. c3 Be7 6. O-O Qc7 7. Na3 a6 8. Be3 d6
9. Qd2 Nf6 10. dxc5 bxc5 11. e5 dxe5 12. Be2 Nbd7 13. Nc4 O-O 14. Bg5 Ne4 15.
Qc1 Nxg5 16. Nxg5 Nf6 17. Nf3 e4 18. Nfd2 Rfd8 19. Qc2 Rd7 20. a4 Bc6 21. a5
Rad8 22. Rfe1 Qf4 23. g3 Qg5 24. Nf1 Bb5 25. Nb6 Ra7 26. Bxb5 axb5 27. c4 b4
28. Red1 Rd4 29. Nc8 Rad7 30. a6 Qe5 31. Nxe7+ Rxe7 32. a7 Rxa7 33. Rxa7 g6 34.
Ra8+ Kg7 35. Ne3 h5 36. h4 g5 37. hxg5 Qxg5 38. Ng2 Qg4 39. Rxd4 cxd4 40. Ra1
e5 41. Re1 Qh3 42. b3 d3 43. Qd2 Ng4 44. Qg5+ Kf8 45. Qd8+ Kg7 46. Qh4 Qxh4 47.
gxh4 Nf6 48. Ne3 Nd7 49. Nd5 Nc5 50. Nxb4 f5 51. Kf1 Nxb3 52. Rd1 Kf7 53. Nxd3
exd3 54. Rxd3 Nd4 55. f4 Ke6 56. fxe5 Kxe5 57. c5 Nc6 58. Rd6 Nb4 59. Rd2 Nc6
60. Kf2 Kf4 61. Rd6 Nb4 62. Rd4+ 1-0

[Event "Scottish International Open"]
[Site "Edinburgh, Scotland"]
[Date "2015.07.17"]
[Round "7"]
[White "Schmerwitz, Reinhard"]
[Black "Lawson, Robert"]
[Result "1-0"]
[WhiteElo "1829"]
[BlackElo "1628"]
[PlyCount "47"]
[EventDate "2015.??.??"]

1. e4 d6 2. d4 Nf6 3. Nc3 g6 4. Be3 Bg7 5. Qd2 h5 6. h3 Na6 7. O-O-O c6 8. f4
Qa5 9. e5 Nd5 10. Nxd5 Qxd2+ 11. Rxd2 cxd5 12. Nf3 O-O 13. Rg1 Bf5 14. g4 hxg4
15. hxg4 Be4 16. Ng5 dxe5 17. dxe5 e6 18. Nxe4 dxe4 19. Bg2 Nb4 20. Bc5 Nd3+
21. cxd3 Rac8 22. Rc2 exd3 23. Rc3 b6 24. Bxf8 1-0

[Event "Scottish International Open"]
[Site "Edinburgh, Scotland"]
[Date "2015.07.17"]
[Round "7"]
[White "Forbes, Alistair"]
[Black "Opasiak, Dustin Tennessee"]
[Result "0-1"]
[WhiteElo "1418"]
[BlackElo "1791"]
[PlyCount "50"]
[EventDate "2015.??.??"]

1. Nf3 d5 2. c4 c6 3. e3 Nf6 4. Nc3 Bg4 5. cxd5 cxd5 6. Qb3 Bc8 7. Bb5+ Nc6 8.
Nd4 Qd6 9. Ba4 a6 10. Qb6 Kd7 11. Bxc6+ bxc6 12. Qxc6+ Qxc6 13. Nxc6 Kxc6 14.
d4 e6 15. Bd2 Kd7 16. Na4 Rb8 17. Rc1 Bb4 18. Bxb4 Rxb4 19. b3 Rb8 20. Ke2 Bb7
21. Nb6+ Kd6 22. Rc2 Bc6 23. Na4 Bb5+ 24. Kf3 Bxa4 25. bxa4 Rhc8 0-1

[Event "Scottish International Open"]
[Site "Edinburgh, Scotland"]
[Date "2015.07.17"]
[Round "7"]
[White "MacGilchrist, Siegrun"]
[Black "Zamvar, Vipin"]
[Result "0-1"]
[WhiteElo "1746"]
[BlackElo "1622"]
[PlyCount "142"]
[EventDate "2015.??.??"]

1. c4 Nf6 2. g3 d5 3. cxd5 Qxd5 4. Nf3 Bf5 5. Nc3 Qd6 6. Bg2 Nc6 7. O-O a6 8.
d3 Qd7 9. Qb3 Rb8 10. Ng5 e6 11. Be3 Na5 12. Qc2 Be7 13. Rac1 O-O 14. h3 h6 15.
Nf3 Nc6 16. g4 Bg6 17. Bf4 Bd6 18. Bxd6 cxd6 19. Ne4 Nxe4 20. dxe4 d5 21. Rfd1
Rfd8 22. Nh4 Bh7 23. Qd2 Qe7 24. Nf3 dxe4 25. Qe1 exf3 26. Rxd8+ Rxd8 27. Bxf3
Qb4 28. Qxb4 Nxb4 29. Bxb7 Nxa2 30. Rc4 a5 31. Ra4 Nc1 32. Rxa5 Nxe2+ 33. Kh2
g5 34. b4 Rb8 35. Ra7 Nd4 36. Ra8 Rxa8 37. Bxa8 Bd3 38. Kg3 e5 39. f3 Kf8 40.
Kf2 Nc2 41. Bb7 Nxb4 42. Ke3 Ke7 43. Kd2 Bf1 44. Kc3 Na2+ 45. Kc2 Kd6 46. Kb3
Nc1+ 47. Kc2 Ne2 48. Kd2 Nf4 49. Ke1 Bc4 50. Kf2 Nxh3+ 51. Ke3 Nf4 52. Be4 h5
53. gxh5 Nxh5 54. Kf2 Nf6 55. Bf5 Be6 56. Bc2 g4 57. fxg4 Nxg4+ 58. Kf3 Nh6 59.
Ke3 Kc5 60. Bd1 f5 61. Bc2 Ng4+ 62. Kf3 Kd4 63. Bb1 e4+ 64. Ke2 Bc4+ 65. Ke1 f4
66. Bc2 f3 67. Bb3 f2+ 68. Kd2 e3+ 69. Kc2 Bxb3+ 70. Kb2 e2 71. Kxb3 e1=Q 0-1

[Event "Scottish International Open"]
[Site "Edinburgh, Scotland"]
[Date "2015.07.17"]
[Round "7"]
[White "Roth, Michael J"]
[Black "McHarg, Steven"]
[Result "1-0"]
[WhiteElo "1714"]
[BlackElo "1476"]
[PlyCount "69"]
[EventDate "2015.??.??"]

1. d4 d5 2. c4 e6 3. Nf3 Nc6 4. e3 g6 5. Bd3 dxc4 6. Bxc4 Nf6 7. Nc3 Bg7 8. O-O
O-O 9. e4 h6 10. h3 b6 11. Be3 Bb7 12. Qd2 Kh7 13. Rac1 Qe7 14. Rc2 Nb4 15.
Rcc1 Nxe4 16. Nxe4 Bxe4 17. a3 Bxf3 18. axb4 Bb7 19. Bd3 Bd5 20. b5 f5 21. Qc2
c6 22. bxc6 Rfc8 23. Qa4 Qe8 24. Ba6 Bxc6 25. Qc2 Be4 26. Qd2 Rxc1 27. Rxc1 Rd8
28. Rc7 g5 29. f4 gxf4 30. Bxf4 Kh8 31. Be5 Bxe5 32. Qxh6+ Kg8 33. Qh7+ Kf8 34.
dxe5 Rd1+ 35. Kh2 1-0

[Event "Scottish International Open"]
[Site "Edinburgh, Scotland"]
[Date "2015.07.17"]
[Round "7"]
[White "Hope, Iain"]
[Black "Pannwitz, Kai"]
[Result "1-0"]
[WhiteElo "1349"]
[BlackElo "1797"]
[PlyCount "81"]
[EventDate "2015.??.??"]

1. d4 Nf6 2. c4 g6 3. Nc3 d5 4. cxd5 Nxd5 5. e4 Nxc3 6. bxc3 Bg7 7. Nf3 c5 8.
Be3 Nc6 9. Bb5 O-O 10. Bxc6 bxc6 11. O-O Ba6 12. Rc1 Qa5 13. Qc2 Rab8 14. Rb1
Bb5 15. Rb2 Rb7 16. c4 Ba4 17. Qe2 Rd7 18. Rd2 cxd4 19. Nxd4 Rb7 20. Rd3 Rfb8
21. Bd2 Qc5 22. Nf3 Rb1 23. Rd8+ Rxd8 24. Rxb1 Bc2 25. Be3 Qa3 26. Qxc2 h6 27.
Qb3 Qa5 28. g3 Kh7 29. a4 e6 30. Qb4 Qh5 31. Kg2 g5 32. Qc5 Qg6 33. Qxc6 g4 34.
Nd2 Qh5 35. Qc7 Rd3 36. Qxa7 Qe5 37. Qb7 Qc3 38. Rb3 Qc2 39. Rxd3 Qxd3 40. a5
Kg6 41. a6 1-0

[Event "Scottish International Open"]
[Site "Edinburgh, Scotland"]
[Date "2015.07.17"]
[Round "7"]
[White "Veelenturf, Wim"]
[Black "Volland, Ben"]
[Result "1-0"]
[WhiteElo "1697"]
[BlackElo "1543"]
[PlyCount "47"]
[EventDate "2015.??.??"]

1. e4 e5 2. Bc4 Nf6 3. d3 Nc6 4. Nf3 Bc5 5. O-O d6 6. Be3 Bxe3 7. fxe3 O-O 8.
Nc3 Na5 9. Bb3 Nxb3 10. axb3 Re8 11. Qe1 d5 12. Qg3 Ng4 13. Rae1 c6 14. Nh4 d4
15. exd4 exd4 16. Nd1 Qa5 17. Nf5 h5 18. h3 g6 19. hxg4 gxf5 20. gxf5+ Kh7 21.
Qg5 Rg8 22. Qxh5+ Kg7 23. f6+ Kf8 24. Qxa5 1-0

[Event "Scottish International Open"]
[Site "Edinburgh, Scotland"]
[Date "2015.07.17"]
[Round "7"]
[White "Heathwood, Richard"]
[Black "Connolly Sams, Lukah"]
[Result "0-1"]
[WhiteElo "1672"]
[BlackElo "1345"]
[PlyCount "122"]
[EventDate "2015.??.??"]

1. d4 d5 2. c4 c6 3. cxd5 cxd5 4. Nf3 Nf6 5. Nc3 Nc6 6. Bf4 Bf5 7. e3 Qb6 8. a3
e6 9. b4 Rc8 10. Na4 Qd8 11. Rc1 Be7 12. Bb5 O-O 13. Bxc6 Rxc6 14. Rxc6 bxc6
15. Ne5 Qa8 16. O-O Rc8 17. Nc5 h6 18. Qa4 Bxc5 19. bxc5 Nh5 20. Bg3 f6 21. Nf3
Bd3 22. Re1 Bb5 23. Qc2 Nxg3 24. hxg3 Qb7 25. a4 Bc4 26. Nd2 Ba6 27. Rb1 Qf7
28. Nf3 Qh5 29. Rb4 e5 30. dxe5 fxe5 31. Rh4 Qe8 32. Qf5 e4 33. Nd4 Rb8 34.
Qe6+ Qxe6 35. Nxe6 Kf7 36. Nd4 Rb1+ 37. Kh2 Bb7 38. Rf4+ Kg6 39. Ne6 Rb4 40.
Nf8+ Kh5 41. Rh4+ Kg5 42. Ne6+ Kf6 43. Nd8 Ke7 44. Nxb7 Rxb7 45. g4 Rb4 46. Kg3
Rxa4 47. Rh1 a5 48. Rb1 Rb4 49. Ra1 Rb5 50. Kf4 Kf6 51. Ra2 g5+ 52. Kg3 Rxc5
53. f4 Rb5 54. f5 c5 55. Kf2 c4 56. Ke2 c3 57. Kd1 d4 58. exd4 e3 59. Rc2 Rb1+
60. Ke2 Rb2 61. Kd1 Rxc2 0-1

[Event "Scottish International Open"]
[Site "Edinburgh, Scotland"]
[Date "2015.07.17"]
[Round "7"]
[White "Pearson, Walter"]
[Black "Oxener, Aldo"]
[Result "0-1"]
[WhiteElo "1623"]
[BlackElo "1545"]
[PlyCount "146"]
[EventDate "2015.??.??"]

1. e4 c5 2. Nf3 d6 3. d4 cxd4 4. Nxd4 Nf6 5. f3 e5 6. Bb5+ Bd7 7. Bxd7+ Nbxd7
8. Nf5 Nb6 9. b3 Rc8 10. c4 g6 11. Ne3 Bg7 12. Nc3 a6 13. O-O O-O 14. Qd3 Rc6
15. Rd1 Qc7 16. Ba3 Nc8 17. Rac1 Bh6 18. Rc2 Qb6 19. Re2 Nh5 20. g3 Ng7 21. Kg2
Ne6 22. Ned5 Qa5 23. Bb2 Nd4 24. Rf2 Kg7 25. Ba1 Qd8 26. Ne2 Ne6 27. f4 f6 28.
fxe5 fxe5 29. Nef4 Nxf4+ 30. Nxf4 Bxf4 31. gxf4 Qh4 32. Qg3 Qxg3+ 33. hxg3 Re8
34. fxe5 dxe5 35. Rd7+ Re7 36. Rfd2 Rce6 37. Rxe7+ Nxe7 38. Rd7 b6 39. Kf3 h5
40. Ke3 Kf6 41. Bb2 g5 42. Ra7 a5 43. Ba3 Ng6 44. c5 bxc5 45. Rxa5 h4 46. gxh4
gxh4 47. Bxc5 h3 48. Ra7 Rc6 49. b4 Kg5 50. Kf3 Nf4 51. Kg3 Rh6 52. Kh2 Kh4 53.
Bf2+ Kg4 54. Ra3 Rc6 55. Rg3+ Kh5 56. Bc5 Rc8 57. a4 Rd8 58. Be3 Rc8 59. Bxf4
exf4 60. Rxh3+ Kg4 61. Rh7 Kf3 62. Rh3+ Kf2 63. a5 f3 64. a6 Rg8 65. Rh5 Ke2
66. Rf5 f2 67. b5 f1=Q 68. Rxf1 Kxf1 69. Kh3 Kf2 70. Kh4 Kf3 71. Kh5 Kf4 72.
Kh6 Kxe4 73. Kh7 Ra8 0-1

[Event "Scottish International Open"]
[Site "Edinburgh, Scotland"]
[Date "2015.07.17"]
[Round "7"]
[White "McGillivray, Calum"]
[Black "McKinney, Stuart"]
[Result "0-1"]
[WhiteElo "1589"]
[BlackElo "1364"]
[PlyCount "108"]
[EventDate "2015.??.??"]

1. e4 e6 2. d4 d5 3. exd5 exd5 4. Bf4 Nf6 5. Nf3 Bd6 6. Bxd6 Qxd6 7. c3 O-O 8.
Be2 Bg4 9. O-O Nbd7 10. Nbd2 Rfe8 11. Re1 Re7 12. h3 Bh5 13. Qc2 Rae8 14. Bd3
Bxf3 15. Nxf3 Rxe1+ 16. Rxe1 Rxe1+ 17. Nxe1 Qe6 18. Nf3 h6 19. Bf5 Qe8 20. Qa4
a6 21. Qb3 Nb6 22. Ne5 Qa4 23. Bc2 Qxb3 24. Bxb3 c6 25. g4 Ne4 26. Bc2 Nd6 27.
f4 Ndc4 28. b3 Na3 29. Bd3 f6 30. Nf3 Nc8 31. Kf2 Nd6 32. Ke3 Nab5 33. Bxb5
Nxb5 34. Kd3 Nd6 35. Nd2 Kf7 36. h4 g6 37. g5 Nf5 38. Nf3 h5 39. c4 Ne7 40. Kc3
Ke6 41. Kb4 fxg5 42. fxg5 Kf5 43. Kc5 Kg4 44. Kd6 Nf5+ 45. Ke6 Kxf3 46. Kf6
Nxh4 47. cxd5 cxd5 48. Ke5 Nf5 49. Kf6 h4 50. Kxg6 h3 51. Kxf5 h2 52. g6 h1=Q
53. g7 Qh7+ 54. Kf6 Qg8 0-1

[Event "Scottish International Open"]
[Site "Edinburgh, Scotland"]
[Date "2015.07.17"]
[Round "7"]
[White "Berera, Siddharth"]
[Black "Gillies, Craig"]
[Result "1/2-1/2"]
[WhiteElo "1457"]
[BlackElo "1582"]
[PlyCount "55"]
[EventDate "2015.??.??"]

1. d4 d5 2. Bf4 c5 3. e3 Nc6 4. Nf3 Bg4 5. Be2 Nf6 6. O-O cxd4 7. Nxd4 Nxd4 8.
exd4 Bxe2 9. Qxe2 e6 10. Nd2 Be7 11. Rfe1 O-O 12. Qd3 Qb6 13. Rab1 Rac8 14. Re3
g6 15. h4 Nh5 16. Bh6 Rfe8 17. Rh3 Qc7 18. c3 Nf4 19. Bxf4 Qxf4 20. h5 Bg5 21.
Nf3 Kg7 22. Nxg5 Qxg5 23. hxg6 hxg6 24. Re1 Rh8 25. Rg3 Qh5 26. Rh3 Qg5 27. Rg3
Qh5 28. Rh3 1/2-1/2

[Event "Scottish International Open"]
[Site "Edinburgh, Scotland"]
[Date "2015.07.17"]
[Round "7"]
[White "Smith, Callum"]
[Black "Smith, Mark J"]
[Result "1-0"]
[WhiteElo "1543"]
[BlackElo "1440"]
[PlyCount "93"]
[EventDate "2015.??.??"]

1. e4 e5 2. Nf3 Nc6 3. d4 exd4 4. Nxd4 Bc5 5. Be3 Nxd4 6. Bxd4 Bxd4 7. Qxd4 Nf6
8. Be2 d6 9. O-O O-O 10. Re1 Re8 11. Nc3 Bd7 12. Bd3 Bc6 13. Nd5 Re5 14. Nc3
Rg5 15. f3 Nh5 16. Ne2 Bd7 17. Kf2 Qf6 18. Qxf6 Nxf6 19. Nf4 Re5 20. h4 Rae8
21. g4 h6 22. Re2 Bc6 23. Rae1 d5 24. exd5 Rxe2+ 25. Rxe2 Rxe2+ 26. Kxe2 Nxd5
27. Nxd5 Bxd5 28. c4 Be6 29. a4 c5 30. g5 hxg5 31. hxg5 a5 32. Ke3 f6 33. gxf6
gxf6 34. b3 Kf7 35. Be4 b6 36. Bd5 Ke7 37. f4 Bf5 38. Be4 Ke6 39. Bxf5+ Kxf5
40. Kf3 Ke6 41. Kg4 Kf7 42. Kf5 Ke7 43. Ke4 Ke6 44. f5+ Kd6 45. Kf4 Ke7 46. Kg4
Kd6 47. Kh5 1-0

[Event "Scottish International Open"]
[Site "Edinburgh, Scotland"]
[Date "2015.07.17"]
[Round "7"]
[White "Stuart, Joseph Maxwell"]
[Black "Brown, Gerry"]
[Result "1/2-1/2"]
[WhiteElo "1210"]
[BlackElo "1468"]
[PlyCount "123"]
[EventDate "2015.??.??"]

1. e4 c5 2. Nf3 d6 3. c4 Nc6 4. b3 Nf6 5. d3 e6 6. Bb2 g6 7. Be2 Bg7 8. Qc2 O-O
9. O-O a6 10. Nc3 Bd7 11. Rad1 Qc7 12. d4 cxd4 13. Nxd4 Nxd4 14. Rxd4 Rfd8 15.
Rfd1 Bc6 16. f3 Rac8 17. R4d3 b5 18. e5 dxe5 19. Rxd8+ Rxd8 20. Rxd8+ Qxd8 21.
cxb5 Bxb5 22. Nxb5 axb5 23. Bxe5 Nd5 24. Bxg7 Qb6+ 25. Kh1 Kxg7 26. Bd3 b4 27.
Bc4 Qd4 28. h3 Qa1+ 29. Kh2 Qe5+ 30. Kh1 Ne3 31. Qd3 Nd5 32. Qe4 Qxe4 33. fxe4
Nc3 34. Kg1 Nxe4 35. Kf1 Kf6 36. Ke2 Nc3+ 37. Kd3 Ke5 38. Ba6 Kd5 39. Bc4+ Kc5
40. Ba6 e5 41. Bc8 g5 42. g4 h6 43. Ba6 Nxa2 44. Ke4 Kd6 45. Kf5 Ke7 46. Kxe5
Nc3 47. Bc4 Nd1 48. Kd5 Ne3+ 49. Kc5 f5 50. gxf5 Nxf5 51. Kxb4 Kd6 52. Ka5 Ne3
53. Bf7 g4 54. hxg4 Kc7 55. Bh5 Nd5 56. b4 Kb7 57. b5 Ne3 58. b6 Nc4+ 59. Kb5
Nxb6 60. Kc5 Nd7+ 61. Kd5 Nf6+ 62. Ke6 1/2-1/2

[Event "Scottish International Open"]
[Site "Edinburgh, Scotland"]
[Date "2015.07.17"]
[Round "7"]
[White "Tramontano, Fulvio"]
[Black "Smith, Sarah"]
[Result "0-1"]
[WhiteElo "1325"]
[BlackElo "888"]
[PlyCount "114"]
[EventDate "2015.??.??"]

1. e4 c6 2. Nf3 d5 3. exd5 cxd5 4. d4 Nf6 5. Bd3 Bg4 6. Be2 e6 7. Ne5 Bxe2 8.
Qxe2 Nc6 9. c3 Bd6 10. Bg5 O-O 11. Qf3 Be7 12. Bxf6 Bxf6 13. Ng4 Bg5 14. O-O b5
15. Na3 Qb6 16. Nc2 b4 17. Rfb1 Rab8 18. Qd1 Rb7 19. cxb4 Nxb4 20. Nxb4 Qxb4
21. b3 Rc8 22. Ne3 Rbc7 23. Rc1 Bf6 24. Rxc7 Rxc7 25. Nc2 Qc3 26. Na3 Bxd4 27.
Nb5 Qxa1 28. Qxa1 Bxa1 29. Nxc7 Kf8 30. Kf1 Ke7 31. Ke2 Kd7 32. Nb5 a6 33. Na3
Kc6 34. Nc2 Be5 35. Nb4+ Kb5 36. Nd3 Bxh2 37. g3 a5 38. a4+ Kc6 39. Ne5+ Kc5
40. Nxf7 Kb4 41. Kd3 Kxb3 42. Nd6 Kxa4 43. Kc3 Bg1 44. f3 d4+ 45. Kc4 d3 46.
Kxd3 Kb3 47. Nc4 a4 48. Nd2+ Kb4 49. Kc2 Kc5 50. Kb2 Kd4 51. f4 Bf2 52. Nf1 Ke4
53. Nd2+ Ke3 54. Nf1+ Ke2 55. Nh2 Bxg3 56. Ng4 Bxf4 57. Ka3 h5 0-1

[Event "Scottish International Open"]
[Site "Edinburgh, Scotland"]
[Date "2015.07.17"]
[Round "7"]
[White "Hegde, Stuthi"]
[Black "Doris, Peter"]
[Result "0-1"]
[WhiteElo "1241"]
[BlackElo "1256"]
[PlyCount "68"]
[EventDate "2015.??.??"]

1. d4 e6 2. c4 d5 3. Nc3 Nf6 4. cxd5 exd5 5. Bg5 c6 6. Qc2 Be6 7. e3 Nbd7 8.
Nf3 Bd6 9. Bd3 g6 10. Rb1 Qc7 11. b4 h6 12. Bh4 g5 13. Bg3 Nh5 14. Bxd6 Qxd6
15. h3 Ng7 16. Na4 f5 17. Nc5 Nxc5 18. bxc5 Qc7 19. Ne5 O-O 20. O-O Rf6 21. Qb2
Rb8 22. Qc2 Rbf8 23. Qa4 a6 24. Qb3 Bc8 25. Qc2 Ne6 26. g3 f4 27. g4 Qg7 28.
Ng6 Re8 29. Rbe1 Qc7 30. exf4 Kg7 31. fxg5 hxg5 32. Re2 Nxd4 33. Rxe8 Nf3+ 34.
Kh1 Qh2# 0-1

[Event "Scottish International Open"]
[Site "Edinburgh, Scotland"]
[Date "2015.07.17"]
[Round "7"]
[White "Hartman, James"]
[Black "Smith, Rachel"]
[Result "0-1"]
[WhiteElo "1003"]
[BlackElo "1316"]
[PlyCount "108"]
[EventDate "2015.??.??"]

1. d4 f5 2. c4 e6 3. Nf3 Nf6 4. Nc3 Bb4 5. Bd2 b6 6. g3 Bb7 7. Bg2 O-O 8. O-O
d6 9. e3 Bxc3 10. Bxc3 Nbd7 11. Qe2 Qe7 12. Rfe1 e5 13. d5 Ne4 14. Qc2 a5 15.
Nd2 Nxd2 16. Qxd2 Nc5 17. b3 Ba6 18. Rac1 Qf7 19. Bh3 Rad8 20. Qc2 Kh8 21. Bd2
Qh5 22. Bg2 Rf6 23. e4 Rdf8 24. exf5 Qxf5 25. Qxf5 Rxf5 26. f4 Nd3 27. Be4 Nxc1
28. Bxf5 Nxa2 29. Bxh7 Kxh7 30. Ra1 exf4 31. Rxa2 fxg3 32. hxg3 Rf3 33. Rb2
Rxg3+ 34. Kf2 Rg4 35. b4 axb4 36. Rxb4 Rxc4 37. Rxc4 Bxc4 38. Ke3 Bxd5 39. Bc1
c5 40. Kd3 Kg6 41. Bb2 Kf7 42. Bc1 b5 43. Kc2 Be4+ 44. Kc3 d5 45. Kb2 Ke6 46.
Kb3 d4 47. Bd2 Kd5 48. Bc1 b4 49. Bd2 Bd3 50. Be1 g5 51. Bd2 g4 52. Be1 Ke4 53.
Bg3 Kf3 54. Be1 g3 0-1

[Event "Scottish International Open"]
[Site "Edinburgh, Scotland"]
[Date "2015.07.17"]
[Round "7"]
[White "Connolly Sams, Dietah"]
[Black "McKay, Jonathan"]
[Result "1/2-1/2"]
[WhiteElo "829"]
[BlackElo "1053"]
[PlyCount "66"]
[EventDate "2015.??.??"]

1. d4 d5 2. c4 e6 3. cxd5 exd5 4. Nc3 c5 5. Nf3 cxd4 6. Nxd4 Nc6 7. Qa4 Qd6 8.
g3 Nf6 9. Bf4 Qd7 10. Bg2 Bc5 11. Nb3 Bb4 12. Rc1 d4 13. Bxc6 Bxc3+ 14. bxc3
bxc6 15. cxd4 Bb7 16. e3 Qd5 17. O-O O-O 18. Na5 Ba6 19. Rc5 Qd7 20. Rfc1 Bb5
21. Qa3 Qh3 22. f3 Be2 23. R5c2 Bxf3 24. Nxc6 Rfe8 25. Ne5 Bb7 26. Qb3 Bd5 27.
Qd3 Rad8 28. Bg5 Re6 29. Bxf6 Rxf6 30. Qe2 Rh6 31. Ng4 Rg6 32. Ne5 Rh6 33. Ng4
Rg6 1/2-1/2

[Event "Scottish International Open"]
[Site "Edinburgh, Scotland"]
[Date "2015.07.18"]
[Round "8"]
[White "Van den Doel, Erik"]
[Black "Korneev, Oleg"]
[Result "1/2-1/2"]
[WhiteElo "2077"]
[BlackElo "2567"]
[PlyCount "22"]
[EventDate "2015.??.??"]
[WhiteClock "1:09:20"]
[BlackClock "1:15:19"]

1. e4 e5 2. Nf3 Nc6 3. Bb5 Nf6 4. d3 Bc5 5. O-O d6 6. Bxc6+ bxc6 7. Nbd2 O-O 8.
h3 h6 9. Re1 Re8 10. Nf1 a5 11. a4 Bb4 1/2-1/2

[Event "Scottish International Open"]
[Site "Edinburgh, Scotland"]
[Date "2015.07.18"]
[Round "8"]
[White "Rooze, Jan"]
[Black "Farago, Ivan"]
[Result "1/2-1/2"]
[WhiteElo "2316"]
[BlackElo "2417"]
[PlyCount "38"]
[EventDate "2015.??.??"]
[WhiteClock "0:44:36"]
[BlackClock "1:08:07"]

1. e4 c5 2. Nf3 e6 3. d4 cxd4 4. Nxd4 Nc6 5. Nc3 a6 6. Nxc6 bxc6 7. Bd3 d5 8.
O-O Nf6 9. Re1 Be7 10. e5 Nd7 11. Qg4 Kf8 12. Na4 c5 13. c4 d4 14. b3 Bb7 15.
Qh5 Kg8 16. Nb2 g6 17. Qe2 h5 18. Be4 Qc7 19. Nd3 Kg7 1/2-1/2

[Event "Scottish International Open"]
[Site "Edinburgh, Scotland"]
[Date "2015.07.18"]
[Round "8"]
[White "Petesch, Gabriel N"]
[Black "Thorarinsson, Pall A"]
[Result "0-1"]
[WhiteElo "2242"]
[BlackElo "2214"]
[PlyCount "116"]
[EventDate "2015.??.??"]
[WhiteClock "0:22:21"]
[BlackClock "0:29:02"]

1. c4 c5 2. Nf3 Nf6 3. b3 g6 4. Bb2 Bg7 5. e3 b6 6. Be2 Bb7 7. O-O O-O 8. Na3
Nc6 9. d4 cxd4 10. exd4 d5 11. Qd2 Rc8 12. Rfd1 dxc4 13. bxc4 Na5 14. Rac1 Ne4
15. Qe3 Nd6 16. Ne5 Nf5 17. Qh3 e6 18. f4 Qh4 19. Qxh4 Nxh4 20. g3 Nf5 21. Kf2
Rfd8 22. g4 Nd6 23. Ke3 Bf8 24. Nb5 Nxb5 25. cxb5 Bd5 26. a3 f6 27. Nf3 Bd6 28.
g5 fxg5 29. Nxg5 Rf8 30. Rxc8 Bxf4+ 31. Kf2 Rxc8 32. Nh3 Bxh2 33. Bd3 Rf8+ 34.
Ke1 Nb3 35. Rb1 Bg3+ 36. Ke2 Bf3+ 37. Ke3 Bg4 38. Rh1 Rf3+ 39. Ke2 Rf2+ 40. Ke3
Rxb2 41. Ng5 Bf2+ 42. Kf4 h5 43. Bxg6 Bxd4 44. Bxh5 Bxh5 45. Rxh5 Nc5 46. Rh3
Rxb5 47. Kg4 Bf6 48. Nf3 Nd7 49. Ne1 Rg5+ 50. Kf4 Ne5 51. Ke3 Rg4 52. Kd2 Nc4+
53. Kc2 b5 54. Rd3 Re4 55. Rg3+ Kf7 56. Nd3 Nxa3+ 57. Kb3 Nc4 58. Kb4 Nb2+ 0-1

[Event "Scottish International Open"]
[Site "Edinburgh, Scotland"]
[Date "2015.07.18"]
[Round "8"]
[White "Edwards, Jonathan"]
[Black "Aagaard, Jacob"]
[Result "0-1"]
[WhiteElo "2182"]
[BlackElo "2506"]
[PlyCount "72"]
[EventDate "2015.??.??"]
[WhiteClock "0:00:45"]
[BlackClock "0:02:55"]

1. e4 e5 2. Nf3 Nc6 3. Bc4 Bc5 4. c3 Nf6 5. d4 exd4 6. cxd4 Bb4+ 7. Nc3 Nxe4 8.
O-O Bxc3 9. d5 Ne5 10. Bb3 Nxf3+ 11. Qxf3 Bf6 12. Qxe4+ Qe7 13. Re1 Qxe4 14.
Rxe4+ Kd8 15. d6 cxd6 16. Bf4 Bxb2 17. Bxd6 Bxa1 18. Be7+ Ke8 19. Bd6+ Be5 20.
Rxe5+ Kd8 21. Bxf7 a5 22. Be7+ Kc7 23. Rc5+ Kb6 24. Bd6 Ra6 25. Bc4 Re8 26.
Bxa6 Kxa6 27. h4 b5 28. a3 Bb7 29. Re5 Rc8 30. Re7 Rc1+ 31. Kh2 Rd1 32. Rxd7
Rd4 33. Kg3 b4 34. axb4 axb4 35. h5 b3 36. h6 gxh6 0-1

[Event "Scottish International Open"]
[Site "Edinburgh, Scotland"]
[Date "2015.07.18"]
[Round "8"]
[White "McNab, Colin Anderson"]
[Black "Berry, Neil"]
[Result "0-1"]
[WhiteElo "2443"]
[BlackElo "2306"]
[PlyCount "80"]
[EventDate "2015.??.??"]
[WhiteClock "0:00:56"]
[BlackClock "0:00:59"]

1. Nf3 d5 2. g3 Nf6 3. Bg2 c5 4. c4 d4 5. e3 Nc6 6. exd4 cxd4 7. O-O g6 8. Qa4
Nd7 9. b4 Bg7 10. d3 a5 11. b5 Nc5 12. Qd1 Nb4 13. Ne1 Bf5 14. Ba3 Qd7 15. Nd2
Ncxd3 16. Ne4 Bxe4 17. Bxe4 Nc5 18. Bg2 d3 19. Rb1 O-O 20. Qd2 Qd4 21. Rc1 Rfd8
22. Nf3 Qd6 23. Rfd1 Ne4 24. Qe3 f5 25. c5 Qd5 26. Bxb4 axb4 27. Nd2 Bd4 28.
Bxe4 fxe4 29. Qxe4 Bxc5 30. Qxd5+ Rxd5 31. Ne4 b6 32. Rd2 Rad8 33. Kg2 Kf7 34.
Rc4 Rd4 35. Rxd4 Rxd4 36. Ng5+ Kf6 37. Nxh7+ Kf5 38. f4 Ke4 39. Ng5+ Ke3 40.
Nf3 Rc4 0-1

[Event "Scottish International Open"]
[Site "Edinburgh, Scotland"]
[Date "2015.07.18"]
[Round "8"]
[White "Arakhamia Grant, Ketevan"]
[Black "MacQueen, Calum"]
[Result "1-0"]
[WhiteElo "2374"]
[BlackElo "2232"]
[PlyCount "91"]
[EventDate "2015.??.??"]
[WhiteClock "0:14:05"]
[BlackClock "1:04:29"]

1. e4 c5 2. Nf3 Nc6 3. d4 cxd4 4. Nxd4 e5 5. Nb5 d6 6. c4 Be7 7. N1c3 a6 8. Na3
f5 9. exf5 Bxf5 10. Bd3 Be6 11. O-O Nf6 12. Nc2 O-O 13. Ne3 Qd7 14. b3 Bd8 15.
Ba3 b5 16. Bxd6 b4 17. Bxf8 bxc3 18. Bc5 e4 19. Be2 Qf7 20. Qd6 Rc8 21. Qf4 Ne7
22. Bxe7 Bxe7 23. Qe5 Rc5 24. Qxc3 Nh5 25. Qd2 Nf4 26. Rad1 Rg5 27. Qd8+ Bxd8
28. Rxd8+ Qf8 29. Rxf8+ Kxf8 30. Re1 Bh3 31. Bf1 Bd7 32. Kh1 Bc6 33. Rd1 Ke7
34. b4 h5 35. h4 Re5 36. c5 g5 37. hxg5 Rxg5 38. Rd6 Bb7 39. Rb6 Bc8 40. Rc6
Kd7 41. Rd6+ Ke7 42. g3 Ne6 43. Bxa6 Bxa6 44. Rxa6 h4 45. gxh4 Rg8 46. Nd5+ 1-0

[Event "Scottish International Open"]
[Site "Edinburgh, Scotland"]
[Date "2015.07.18"]
[Round "8"]
[White "Olson, Hamish"]
[Black "McKay, Roderick M"]
[Result "0-1"]
[WhiteElo "2079"]
[BlackElo "2338"]
[PlyCount "51"]
[EventDate "2015.??.??"]
[WhiteClock "0:03:15"]
[BlackClock "0:08:11"]

1. e4 c5 2. Nf3 e6 3. Be2 Nf6 4. Nc3 Nc6 5. O-O a6 6. d4 cxd4 7. Nxd4 Qc7 8.
Be3 d6 9. a4 Bd7 10. Nb3 Na5 11. Nd2 Be7 12. f4 Rb8 13. Bd3 O-O 14. Kh1 Be8 15.
Qf3 Nc6 16. a5 Nd7 17. Nc4 Nb4 18. f5 Nc5 19. Bd4 e5 20. Bxc5 Qxc5 21. Nb6 Bc6
22. Qe2 Bd8 23. f6 Bxb6 24. axb6 Rfe8 25. Qg4 g6 26. Ra5 0-1

[Event "Scottish International Open"]
[Site "Edinburgh, Scotland"]
[Date "2015.07.18"]
[Round "8"]
[White "Pritchett, Craig William"]
[Black "Sreeves, Clement"]
[Result "1-0"]
[WhiteElo "2324"]
[BlackElo "2333"]
[PlyCount "63"]
[EventDate "2015.??.??"]
[WhiteClock "0:05:10"]
[BlackClock "0:03:28"]

1. Nf3 f5 2. g3 Nf6 3. Bg2 e6 4. O-O Be7 5. c4 O-O 6. b3 Ne4 7. Bb2 Bf6 8. Bxf6
Qxf6 9. Na3 a5 10. d3 Nc5 11. Nb5 c6 12. Nd6 Qe7 13. Nxc8 Rxc8 14. Qc2 Nba6 15.
Qc3 b6 16. Ne5 Ra7 17. d4 Ne4 18. Qe3 d6 19. Nd3 d5 20. Rfc1 c5 21. cxd5 exd5
22. Nf4 Qd6 23. dxc5 bxc5 24. Rd1 Nb4 25. Bxe4 fxe4 26. Qxe4 Re7 27. Qf5 Rf8
28. Qg4 g5 29. Nxd5 Nxd5 30. Qxg5+ Qg6 31. Qxd5+ Kh8 32. Qxc5 1-0